Microwave spectroscopy / (Record no. 1857)

MARC details
000 -LEADER
fixed length control field 01296nac a22003011i 4500
003 - CONTROL NUMBER IDENTIFIER
control field EG-ScBUE
005 - DATE AND TIME OF LATEST TRANSACTION
control field 20250729091246.0
008 - FIXED-LENGTH DATA ELEMENTS--GENERAL INFORMATION
fixed length control field 100906s1975 nyua f b 001 0 eng d
020 ## - INTERNATIONAL STANDARD BOOK NUMBER
International Standard Book Number 048661798X
040 ## - CATALOGING SOURCE
Original cataloging agency EG-ScBUE
Language of cataloging eng
Description conventions rda
Transcribing agency EG-ScBUE
Modifying agency EG-ScBUE
082 04 - DEWEY DECIMAL CLASSIFICATION NUMBER
Classification number 543.085
Item number TOW
Edition number 22
100 1# - MAIN ENTRY--PERSONAL NAME
Personal name Townes, Charles H.,
Relator term author.
9 (RLIN) 18416
245 10 - TITLE STATEMENT
Title Microwave spectroscopy /
Statement of responsibility, etc C. H. Townes, University professor of physics, University of California, A. L. Schawlow, professor of physics, Stanford University.
264 #1 - PUBLICATION, DISTRIBUTION, ETC. (IMPRINT)
Place of publication, distribution, etc New York :
Name of publisher, distributor, etc Dover Publications,
Date of publication, distribution, etc 1975.
300 ## - PHYSICAL DESCRIPTION
Extent xviii, 698 pages :
Other physical details illustrations ;
Dimensions 21 cm
336 ## - CONTENT TYPE
Source rdacontent
Content type term text
Content type code txt
337 ## - MEDIA TYPE
Media type term unmediated
Source rdamedia
Media type code n
338 ## - CARRIER TYPE
Carrier type term volume
Carrier type code nc
Source rdacarrier
500 ## - GENERAL NOTE
General note "An unabridged and corrected republication of the work first published in 1955 by the McGraw-Hill Book Company."
504 ## - BIBLIOGRAPHY, ETC. NOTE
Bibliography, etc Includes bibliographical references and index.<br/>
650 #7 - SUBJECT ADDED ENTRY--TOPICAL TERM
Topical term or geographic name as entry element Microwave spectroscopy.
Source of heading or term BUEsh
9 (RLIN) 18417
650 #7 - SUBJECT ADDED ENTRY--TOPICAL TERM
Topical term or geographic name as entry element Gases
General subdivision Spectra.
Source of heading or term BUEsh
9 (RLIN) 18418
655 ## - INDEX TERM--GENRE/FORM
Form subdivision Reading book
700 1# - ADDED ENTRY--PERSONAL NAME
Personal name Schawlow, Arthur L.,
Dates associated with a name 1921-
Relator term author.
9 (RLIN) 18419
856 42 - ELECTRONIC LOCATION AND ACCESS
Materials specified Publisher description
Uniform Resource Identifier <a href="http://www.loc.gov/catdir/description/dover032/74083620.html">http://www.loc.gov/catdir/description/dover032/74083620.html</a>
942 ## - ADDED ENTRY ELEMENTS (KOHA)
Koha item type Book - Borrowing
Source of classification or shelving scheme Dewey Decimal Classification
Holdings
Withdrawn status Lost status Source of classification or shelving scheme Damaged status Not for loan Home library Current library Shelving location Date acquired Source of acquisition Total Checkouts Full call number Barcode Date last seen Koha item type
    Dewey Decimal Classification     Central Library Central Library First floor 06/09/2010 Purchase   543.085 TOW 000002460 15/07/2025 Book - Borrowing